Platobný styk v medzinárodnom obchode

Saved in:
Bibliographic Details
Main Author: Torma, Štefan
Corporate Author: Ekonomická univerzita v Bratislave. Obchodná fakulta
Other Authors: Sipko, Juraj
Format: Book
Language:Slovak
Published: Bratislava EU 1994
Edition:2. vyd.
Subjects:
Tags: Add Tag
No Tags, Be the first to tag this record!

MARC

LEADER 00000nam a2200000 4500
001 c005159
005 20221214074636.8
020 |a 80-225-0568-4 
041 0 |a slo 
044 |a SK 
245 1 0 |a Platobný styk v medzinárodnom obchode  |c Štefan Torma, Juraj Sipko 
250 |a 2. vyd. 
264 1 |a Bratislava  |b EU  |c 1994 
300 |a 226 s. 
610 2 0 |a styk platobný medzinárodný 
610 2 0 |a obchod medzinárodný 
100 1 |a Torma, Štefan 
700 1 |a Sipko, Juraj 
710 2 |a Ekonomická univerzita v Bratislave. Obchodná fakulta